Online
Catalog

Tiro con arco / (Record no. 4048)

MARC details
000 -CABECERA
campo de control de longitud fija 00821nam a2200253 a 4500
001 - NÚMERO DE CONTROL
campo de control 000004234
005 - FECHA Y HORA DE LA ÚLTIMA TRANSACCIÓN
campo de control 20200929151421.0
008 - DATOS DE LONGITUD FIJA--INFORMACIÓN GENERAL
campo de control de longitud fija 731106s1973 ag ac b 001 0 spa
020 ## - NÚMERO INTERNACIONAL ESTÁNDAR DEL LIBRO
Número Internacional Estándar del Libro 0876200749
040 ## - FUENTE DE LA CATALOGACIÓN
Centro catalogador/agencia de origen DO-SdBNP
Lengua de catalogación spa
Centro/agencia transcriptor BNPHU
082 ## - NÚMERO DE LA CLASIFICACIÓN DECIMAL DEWEY
Número de clasificación 799. 32
Número de documento/Ítem B274t, 1973
100 1# - ENTRADA PRINCIPAL--NOMBRE DE PERSONA
Nombre de persona Barrett, Jean A.
9 (RLIN) 12512
240 10 - TÍTULO UNIFORME
Título uniforme Archery.
Lenguaje de la obra Español
245 10 - MENCIÓN DE TÍTULO
Título Tiro con arco /
Mención de responsabilidad, etc. Jean A. Barrett; traducción de la 2a edición Ariel Bignami.
250 ## - MENCIÓN DE EDICIÓN
Mención de edición 2a ed.
260 ## - PUBLICACIÓN, DISTRIBUCIÓN, ETC.
Lugar de publicación, distribución, etc. Buenos Aires, Argentina :
Nombre del editor, distribuidor, etc. Lidiun.,
Fecha de publicación, distribución, etc. 1973.
300 ## - DESCRIPCIÓN FÍSICA
Extensión 114 p. :
Otras características físicas il., retrs ;
Dimensiones 21 cm.
490 1# - MENCIÓN DE SERIE
Mención de serie Goodyear physical activities
504 ## - NOTA DE BIBLIOGRAFÍA, ETC.
Nota de bibliografía, etc. Bibliografía: p. [93]-95.
534 ## - NOTA SOBRE LA VERSIÓN ORIGINAL
Encabezamiento principal del original Título original :
Mención de título del original Archery
650 #4 - PUNTO DE ACCESO ADICIONAL DE MATERIA--TÉRMINO DE MATERIA
Término de materia o nombre geográfico como elemento de entrada Tiro con arco
9 (RLIN) 12513
700 1# - PUNTO DE ACCESO ADICIONAL--NOMBRE DE PERSONA
Nombre de persona Bignami, Ariel
Término indicativo de función/relación ed.
9 (RLIN) 12020
830 #0 - PUNTO DE ACCESO ADICIONAL DE SERIE-TÍTULO UNIFORME
Título uniforme Goodyear physical activities
9 (RLIN) 12514
Holdings
Estado de retiro Estado de pérdida Restricciones de uso No para préstamo Código de colección Localización permanente Ubicación/localización actual Ubicación en estantería Fecha de adquisición Número de inventario Total de préstamos Signatura topográfica completa Código de barras Fecha visto por última vez Precio válido a partir de Tipo de ítem Koha
    Préstamo interno   Monografías: Libros y Folletos General General En catalogación 20.07.2009 LF1   799. 32 B274t, 1973 4234-10 25.06.2020 25.06.2020 Préstamo interno
        Monografías: Libros y Folletos Patrimonio Dominicano Patrimonio Dominicano Orden iniciada 30.03.2017 LF1   799. 32 B274t, 1973 4234-20 25.06.2020 25.06.2020 No se presta

Powered by Koha